| 000 | 00761 a2200229 4500 | ||
|---|---|---|---|
| 003 | OSt | ||
| 005 | 20180116192336.0 | ||
| 008 | 120517t xxu||||| |||| 00| 0 eng d | ||
| 010 | _a 2010344891 | ||
| 020 | _a9789698729042 | ||
| 040 | _c0 | ||
| 082 | _a724.92 | ||
| 100 | 1 |
_aKhan, Hasan-Uddin. _91592 |
|
| 245 | 1 | 4 |
_aThe architecture of Habib Fida Ali : _bbuildings and projects, 1965-2009 / _cHasan-Uddin Khan. |
| 260 |
_aKarachi : _bLiberty Books, _c2010. |
||
| 300 |
_a214 p. : _bcol. ill. ; _c26 x 26 cm. |
||
| 500 | _aIncludes bibliographie | ||
| 650 | 0 |
_aModern architecture _91593 |
|
| 650 | 0 |
_aArchitecture, Modern _xHistory _91594 |
|
| 942 |
_aSADA _cBK _k724.92 KHA 2010 _2ddc |
||
| 999 |
_c352479 _d352479 |
||